| 000 | 00607cam a2200145 4500500 | ||
|---|---|---|---|
| 005 | 20260208001104.0 | ||
| 041 | _afre | ||
| 042 | _adc | ||
| 100 | 1 | 0 |
_aWisner-Bourgeois, Claude _eauthor |
| 245 | 0 | 0 | _aLa Viande : un aliment, des symboles, Françoise Aubaile, Mireille Bernard, Patrick Pasquet (Eds), Édisud, coll. « Écologie humaine », 2005, 247 p. |
| 260 | _c2005. | ||
| 500 | _a12 | ||
| 786 | 0 | _nNatures Sciences Sociétés | 13 | 4 | 2005-12-01 | p. 461i-475i | 1240-1307 | |
| 856 | 4 | 1 | _uhttps://stm.cairn.info/revue-natures-sciences-societes-2005-4-page-461i?lang=fr&redirect-ssocas=7080 |
| 999 |
_c1644343 _d1644343 |
||